Operations management : (Record no. 31185)

MARC details
000 -LEADER
fixed length control field 00978nam a22002417a 4500
005 - DATE AND TIME OF LATEST TRANSACTION
control field 2009103009479.0
008 - FIXED-LENGTH DATA ELEMENTS--GENERAL INFORMATION
fixed length control field 091030t xxu||||| |||| 00| 0 eng d
010 ## - LCCN (DPL NO)
LC control number ENG-95264
020 ## - INTERNATIONAL STANDARD BOOK NUMBER
International Standard Book Number 9780070671058
Terms of availability 450.00
020 ## - INTERNATIONAL STANDARD BOOK NUMBER
International Standard Book Number 0070671052
Terms of availability 450.00
040 ## - CATALOGING SOURCE
Original cataloging agency DPL
082 ## - DEWEY DECIMAL CLASSIFICATION NUMBER
Classification number 658.5
100 ## - MAIN ENTRY--PERSONAL NAME
Personal name Schroeder, Roger G.
245 ## - TITLE STATEMENT
Title Operations management :
Remainder of title contemporary concepts and cases /
Statement of responsibility, etc by Roger G. Schroeder.
250 ## - EDITION STATEMENT
Edition statement 3rd ed.
260 ## - PUBLICATION, DISTRIBUTION, ETC. (IMPRINT)
Place of publication, distribution, etc New Delhi
Name of publisher, distributor, etc Tata McGraw-Hill Eduction
Date of publication, distribution, etc 2009.
300 ## - PHYSICAL DESCRIPTION
Extent xvii, 538p. :
Other physical details ill. ;
Dimensions 26 cm. +
Accompanying material 1 CD-ROM (4 3/4 in.)
440 ## - SERIES STATEMENT/ADDED ENTRY--TITLE
Title The McGraw-Hill/Irwin series operations and decision sciences
504 ## - BIBLIOGRAPHY, ETC. NOTE
Bibliography, etc Includes bibliographical references and index.
650 ## - SUBJECT ADDED ENTRY--TOPICAL TERM
Topical term or geographic name as entry element Production management.
942 ## - ADDED ENTRY ELEMENTS (KOHA)
Source of classification or shelving scheme Dewey Decimal Classification
Item type English Books
Call number suffix SCH
Classification part 658.5
Holdings
Withdrawn status Lost status Source of classification or shelving scheme Damaged status Not for loan Collection code Home library Current library Date acquired Source of acquisition Cost, normal purchase price Total Checkouts Full call number Barcode Date last seen Copy number Cost, replacement price Koha item type
    Dewey Decimal Classification   Not For Loan Non-fiction D.B.Act.Division D.B.Act.Division 30/10/2009 DBAD / PUB 450.00   658.5 SCH EN-78797 30/10/2009 1 450.00 English Books

© Delhi Public Library
Hit Counter
free hit counter